Merchant ship types (Record no. 3045)
[ view plain ]
| 000 -LEADER | |
|---|---|
| fixed length control field | 02658cam a2200505Mi 4500 |
| 006 - FIXED-LENGTH DATA ELEMENTS--ADDITIONAL MATERIAL CHARACTERISTICS--GENERAL INFORMATION | |
| fixed length control field | m o d |
| 007 - PHYSICAL DESCRIPTION FIXED FIELD--GENERAL INFORMATION | |
| fixed length control field | cr |n||||||||| |
| 008 - FIXED-LENGTH DATA ELEMENTS--GENERAL INFORMATION | |
| fixed length control field | 230126t20232023nyu ob 001 0 eng d |
| 040 ## - CATALOGING SOURCE | |
| Original cataloging agency | IMU Kochi Library |
| Language of cataloging | eng |
| 040 ## - CATALOGING SOURCE | |
| Original cataloging agency | |
| Language of cataloging | eng |
| 020 ## - INTERNATIONAL STANDARD BOOK NUMBER | |
| International Standard Book Number | 9781000831207 |
| Qualifying information | (electronic bk.) |
| 020 ## - INTERNATIONAL STANDARD BOOK NUMBER | |
| International Standard Book Number | 1000831205 |
| Qualifying information | (electronic bk.) |
| 020 ## - INTERNATIONAL STANDARD BOOK NUMBER | |
| International Standard Book Number | 9781003342366 |
| Qualifying information | (electronic bk.) |
| 020 ## - INTERNATIONAL STANDARD BOOK NUMBER | |
| International Standard Book Number | 1003342361 |
| Qualifying information | (electronic bk.) |
| 020 ## - INTERNATIONAL STANDARD BOOK NUMBER | |
| International Standard Book Number | 1000831175 |
| Qualifying information | (electronic bk. : PDF) |
| 020 ## - INTERNATIONAL STANDARD BOOK NUMBER | |
| International Standard Book Number | 9781000831177 |
| Qualifying information | (electronic bk.) |
| 041 0# - LANGUAGE CODE | |
| Language code of text/sound track or separate title | eng |
| 072 #7 - SUBJECT CATEGORY CODE | |
| Subject category code | TRA |
| Subject category code subdivision | 006000 |
| Source | bisacsh |
| 072 #7 - SUBJECT CATEGORY CODE | |
| Subject category code | KNGS |
| Source | bicssc |
| 082 04 - DEWEY DECIMAL CLASSIFICATION NUMBER | |
| Classification number | 387.2 |
| Edition number | 23/eng/20230203 |
| 100 1# - MAIN ENTRY--PERSONAL NAME | |
| Personal name | Olsen, Alexander Arnfinn, |
| 245 10 - TITLE STATEMENT | |
| Title | Merchant ship types |
| Medium | [electronic resource] / |
| 300 ## - PHYSICAL DESCRIPTION | |
| Extent | 1 online resource |
| 520 ## - SUMMARY, ETC. | |
| Summary, etc | Merchant Ship Types provides a broad and detailed introduction to the classifications and main categories of merchant vessels for students and cadets. It introduces the concept of ship classification by usage, cargo type, and size, and shows how the various size categories affect which ports and channels the types of vessels are permitted to enter. Detailed outlines of each major vessel category are provided, including: Feeder ship; General cargo vessels; Container ships; Tankers; Dry bulk carriers; Multi-purpose vessels; Reefer ships; Roll-on/roll-off vessels. The book also explains where these are permitted to operate, the type of cargoes carried, and specific safety or risk factors associated with the vessel class, as well as their main characteristics. Relevant case studies are presented. The textbook is ideal for merchant navy cadets at HNC, HND, and foundation degree level in both the deck and engineering branches, and serves as a general reference for insurance, law, logistics, offshore, and fisheries. |
| 650 #7 - SUBJECT ADDED ENTRY--TOPICAL TERM | |
| Topical term or geographic name as entry element | TRANSPORTATION / Ships & Shipbuilding / General |
| Source of heading or term | bisacsh |
| 650 #0 - SUBJECT ADDED ENTRY--TOPICAL TERM | |
| Topical term or geographic name as entry element | Merchant ships |
| General subdivision | Classification. |
| 650 #0 - SUBJECT ADDED ENTRY--TOPICAL TERM | |
| Topical term or geographic name as entry element | Cargo ships. |
| 650 #0 - SUBJECT ADDED ENTRY--TOPICAL TERM | |
| Topical term or geographic name as entry element | Passenger ships. |
| 856 40 - ELECTRONIC LOCATION AND ACCESS | |
| Uniform Resource Identifier | <a href="https://www.taylorfrancis.com/books/9781003342366">https://www.taylorfrancis.com/books/9781003342366</a> |
| 856 42 - ELECTRONIC LOCATION AND ACCESS | |
| Uniform Resource Identifier | <a href="http://www.oclc.org/content/dam/oclc/forms/terms/vbrl-201703.pdf">http://www.oclc.org/content/dam/oclc/forms/terms/vbrl-201703.pdf</a> |
| 904 ## - LOCAL DATA ELEMENT D, LDD (RLIN) | |
| CATALOGER | Rudra Ranjan |
| 905 ## - LOCAL DATA ELEMENT E, LDE (RLIN) | |
| VERIFIER | Rudra Ranjan |
| 942 ## - ADDED ENTRY ELEMENTS (KOHA) | |
| Item type | E-Book |
| 264 #1 - | |
| -- | New York : |
| -- | Routledge, |
| -- | 2023. |
| 264 #4 - | |
| -- | ©2023 |
| 588 ## - | |
| -- | OCLC-licensed vendor bibliographic record. |
No items available.